000 00437nam a2200181Ia 4500
001 22297
005 20260414150822.0
008 260414t2015||||xx |||||||||||||| ||spa||
041 _aESP
082 _a621.312134
_bC95
100 _aCuesta Diego, Luis
_eAUT
245 0 _aAprovechamientos hidroeléctricos
_b
260 _c2015
300 _a1094 páginas :
_c24 cm.
650 _aTCA
654 _aCET
942 _cLIB
_dJUS
_fJUS
_2ddc
_n
999 _c22297
_d22297